000 00502cam a2200157 4500500
005 20260315004533.0
041 _afre
042 _adc
100 1 0 _aDalarun, Jacques
_eauthor
700 1 0 _aPaquet, Fabien
_eauthor
245 0 0 _aUne vie de moine
260 _c2015.
500 _a60
786 0 _nL'Histoire - Les Collections | 67 | 2 | 2015-04-09 | p. 66-73 | 2727-6945
856 4 1 _uhttps://shs.cairn.info/magazine-hist-l-hisoire-les-collections-2015-2-page-66?lang=fr&redirect-ssocas=7080
999 _c1699845
_d1699845